000 00501nam a22001817a 4500
008 150722b xxu||||| |||| 00| 0 alb d
041 0 _aalb
080 _a343
100 _aSabedini, Musa ;
240 _aKilling of the Justice in Kosova /
245 _aVrasja e drejtësisë në Kosovë /
_cMusa Sabedini.
260 _aPrishtinë :
_bKMDLNJ ;
_c2003.
300 _a198 f. :
_bme il. ;
_c24 cm.
650 0 _aVrasje
_zKosova
650 0 _aDrejtësia
650 0 _aE drejta penale
942 _2udc
_cBK
999 _c1140
_d1140